| 000 | 00430nam a22001697a 4500 | ||
|---|---|---|---|
| 999 |
_c878 _d878 |
||
| 008 | 191227b ||||| |||| 00| 0 eng d | ||
| 082 | 0 | 0 |
_a620.1 _bH634 |
| 100 |
_9436 _aHigdon, Arkie. |
||
| 245 | 1 | 0 |
_aEngineering mechanics _cby Arkie Higdon |
| 250 | _a3rd | ||
| 260 |
_aNewYork _bprentice-hall _c1951 |
||
| 300 | _axvii, 505p. | ||
| 365 | _b6.12 | ||
| 650 | 0 | _aApplied Mechanics | |
| 700 |
_9437 _aStiles, William B. |
||
| 942 | _cBK | ||